[Event "TCh-TUR Super League 2014"]
[Site "Kocaeli TUR"]
[Date "2014.08.26"]
[Round "10.3"]
[Board "7"]
[White "Koksal, Ege"]
[Black "Komut, Burak"]
[Result "1/2-1/2"]
[WhiteTitle "CM"]
[WhiteElo "2219"]
[BlackElo "1951"]
[WhiteTeam "Akdeniz Belediyesi Spor Kulubu"]
[BlackTeam "Tarsus Zeka Satranc Kulubu"]
[WhiteFideId "6317626"]
[BlackFideId "6309984"]
[EventDate "2014.08.18"]

1. d4 d5 2. c4 c6 3. Nc3 Nf6 4. Nf3 e6 5. Bg5 Nbd7 6. e3 Be7 7. cxd5 Nxd5 8.
Bxe7 Qxe7 9. Bd3 O-O 10. O-O Nxc3 11. bxc3 e5 12. Qc2 g6 13. e4 c5 14. dxe5 Nb6
15. h3 Bd7 16. Qc1 Rfd8 17. Bc2 Bb5 18. Re1 Bd3 19. Bxd3 Rxd3 20. Qc2 Rad8 21.
Rad1 c4 22. Rxd3 cxd3 23. Qb3 Qe6 24. Rd1 Qc6 25. Nd4 Qxe4 26. e6 fxe6 27. Nxe6
Rd6 28. Nc5+ Qd5 29. Rxd3 Qxb3 30. axb3 Rxd3 31. Nxd3 Nd7 32. f4 Nf6 33. c4 Ne4
34. Nc1 Kf7 35. Kf1 a5 36. Ke2 Nc5 37. Ke3 Ke6 38. Kd4 b6 39. g4 h5 40. Ke3 hxg4
41. hxg4 Kf6 42. Kd4 Ke6 43. Ke3 Kf6 44. Kf3 Ke6 45. Kg3 Kf6 46. Kh4 Ne6 47. Ne2
Nc5 48. Nc1 Ne4 49. Nd3 Ke6 50. Nb2 Nd2 51. Kg5 Kf7 52. Na4 Nxb3 53. Nxb6 Nc5
54. f5 gxf5 55. Kxf5 a4 56. Nd5 a3 57. Nc3 Na4 58. Na2 Nc5 59. Ke5 Kg6 60. Kd5
Nb3 61. Kd6 Na5 62. Kd5 Nxc4 63. Ke4 1/2-1/2

[Event "TCh-TUR Super League 2014"]
[Site "Kocaeli TUR"]
[Date "2014.08.26"]
[Round "10.3"]
[Board "8"]
[White "Kaplan, Ebru"]
[Black "Aslan, Cagla Yaren"]
[Result "0-1"]
[WhiteElo "1882"]
[BlackElo "1760"]
[WhiteTeam "Tarsus Zeka Satranc Kulubu"]
[BlackTeam "Akdeniz Belediyesi Spor Kulubu"]
[WhiteFideId "6315194"]
[BlackFideId "6324878"]
[EventDate "2014.08.18"]

1. e4 c5 2. Nf3 d6 3. Bb5+ Bd7 4. Bxd7+ Qxd7 5. O-O g6 6. c3 Bg7 7. d4 Nf6 8.
Re1 e6 9. Nbd2 cxd4 10. cxd4 O-O 11. b3 Nc6 12. Bb2 Nb4 13. Nc4 b5 14. Na3 a5
15. Qe2 Rfc8 16. e5 Nfd5 17. exd6 Nf4 18. Qe4 Nfd3 19. Re2 Nxb2 20. Rxb2 Rab8
21. Qe2 Qxd6 22. Nxb5 Qd5 23. a4 Rb6 24. Rd1 Rbc6 25. Ne1 Rc1 26. Rb1 Rxb1 27.
Rxb1 Bxd4 28. Rd1 e5 29. Qf3 Rd8 30. Qxd5 Rxd5 31. Kf1 Bc5 32. Rxd5 Nxd5 33. Nd3
Bd4 34. Nxd4 exd4 35. Nc5 Nb4 36. Ke2 Kf8 37. Nb7 Nc6 38. Kd3 Ke7 39. Nxa5 Nxa5
40. b4 Nc6 41. b5 Na5 42. Kxd4 Kd6 43. Ke4 Nb3 44. Kf4 f6 45. h4 Kd5 46. Kg4 Ke4
47. h5 Na5 48. f3+ Ke3 49. h6 Nb7 50. f4 Ke4 51. g3 Na5 52. Kh3 Kf3 53. Kh4 Nb7
54. Kh3 g5 55. f5 Na5 56. b6 Nb7 57. Kh2 g4 58. Kg1 Kxg3 59. Kh1 Kf3 60. Kg1 g3
61. Kf1 g2+ 62. Kg1 Na5 63. Kh2 Kf2 0-1

[Event "TCh-TUR Super League 2014"]
[Site "Kocaeli TUR"]
[Date "2014.08.26"]
[Round "10.3"]
[Board "9"]
[White "Altundal, Aram"]
[Black "Sevgi, Volkan"]
[Result "0-1"]
[BlackTitle "FM"]
[WhiteElo "1795"]
[BlackElo "2142"]
[WhiteTeam "Akdeniz Belediyesi Spor Kulubu"]
[BlackTeam "Tarsus Zeka Satranc Kulubu"]
[WhiteFideId "6353711"]
[BlackFideId "6325335"]
[EventDate "2014.08.18"]

1. Nf3 d5 2. g3 c6 3. Bg2 e6 4. O-O Bd6 5. d3 Nf6 6. Nbd2 O-O 7. e4 Nbd7 8. Re1
e5 9. c3 Re8 10. Qc2 a5 11. Nf1 dxe4 12. dxe4 Nc5 13. Bg5 h6 14. Bxf6 Qxf6 15.
Ne3 Be6 16. b3 g6 17. Rad1 Bc7 18. h4 b5 19. Nh2 Qg7 20. Bf3 h5 21. Bg2 Rec8 22.
Nf3 f6 23. Kh2 Qe7 24. Bh3 Bxh3 25. Kxh3 Ne6 26. Kg2 Bb6 27. Qe2 Bc5 28. Rd2 b4
29. c4 a4 30. Red1 Rc7 31. Nc2 axb3 32. axb3 Rca7 33. Nfe1 Bd4 34. Nf3 c5 35.
Nfxd4 cxd4 36. Ne1 Ra3 37. Rb2 Nc5 38. Rdb1 f5 39. exf5 Qb7+ 40. f3 e4 41. fxg6
R3a6 42. f4 e3+ 43. Kh2 Ne4 44. Qxh5 Nd2 45. Rd1 Ra5 46. Qg4 Qe4 47. h5 Rf5 48.
h6 Rf6 49. h7+ Kh8 50. g7+ Kxh7 51. Ng2 Nf3+ 52. Kh3 Rh6+ 53. Nh4 Rg8 54. Rf1
Nxh4 55. gxh4 Rxg7 56. Qc8 e2 57. Rxe2 Qd3+ 58. Kh2 Rxh4+ 0-1

[Event "TCh-TUR Super League 2014"]
[Site "Kocaeli TUR"]
[Date "2014.08.26"]
[Round "10.3"]
[Board "10"]
[White "Okuyaz, Duru"]
[Black "Temel, Burcu Melis"]
[Result "0-1"]
[WhiteTitle "WCM"]
[WhiteElo "1888"]
[BlackElo "1753"]
[WhiteTeam "Tarsus Zeka Satranc Kulubu"]
[BlackTeam "Akdeniz Belediyesi Spor Kulubu"]
[WhiteFideId "6346022"]
[BlackFideId "6345492"]
[EventDate "2014.08.18"]

1. e4 Nf6 2. e5 Nd5 3. d4 d6 4. Nf3 Bg4 5. h3 Bxf3 6. Qxf3 dxe5 7. dxe5 e6 8.
Bc4 Bc5 9. O-O Nc6 10. Qg3 Qd7 11. c3 Nce7 12. b4 Nf5 13. Qf3 Bb6 14. a4 a5 15.
b5 O-O 16. Rd1 c6 17. Bd3 Qc8 18. Bxf5 exf5 19. Bb2 Qe6 20. c4 Nb4 21. Na3 Rfd8
22. Rxd8+ Rxd8 23. Rd1 Rd7 24. Bc3 Bc5 25. Qe2 h6 26. Kh2 Rxd1 27. Qxd1 Bxf2 28.
Qd8+ Kh7 29. Qxa5 Nd3 30. bxc6 bxc6 31. Qc7 Bc5 32. Nc2 Qxc4 33. Qa5 Qf4+ 0-1

[Event "TCh-TUR Super League 2014"]
[Site "Kocaeli TUR"]
[Date "2014.08.26"]
[Round "10.4"]
[Board "1"]
[White "Guner, Sati Emre"]
[Black "Solak, Dragan"]
[Result "0-1"]
[BlackTitle "GM"]
[WhiteElo "2041"]
[BlackElo "2632"]
[WhiteTeam "Aliaga Genclik VE Spor Kulubu Dernegi"]
[BlackTeam "Besiktas Jimnastik Kulubu"]
[WhiteFideId "6304192"]
[BlackFideId "916811"]
[EventDate "2014.08.18"]

1. e4 c5 2. Nf3 d6 3. d4 cxd4 4. Qxd4 Nc6 5. Bb5 Bd7 6. Bxc6 Bxc6 7. Nc3 Nf6 8.
Bg5 e6 9. O-O-O Be7 10. Rhe1 O-O 11. Qd2 Qc7 12. Nd4 Rfd8 13. f3 Rab8 14. g4 b5
15. Kb1 b4 16. Nce2 Ba8 17. Ng3 a5 18. Rg1 a4 19. Nh5 Ne8 20. h4 g6 21. Ng3 e5
22. Ngf5 Bxg5 23. hxg5 exd4 24. Nh6+ Kf8 25. Qxd4 Ng7 26. Rh1 Qe7 27. f4 Qxe4
28. Qf6 Qe7 29. Rhe1 Qxf6 30. gxf6 Ne6 31. f5 Ng5 32. Re7 Re8 33. Rde1 Bc6 34.
fxg6 hxg6 0-1

[Event "TCh-TUR Super League 2014"]
[Site "Kocaeli TUR"]
[Date "2014.08.26"]
[Round "10.4"]
[Board "2"]
[White "Apaydin, Fethi"]
[Black "Cingoz, Ozan"]
[Result "1-0"]
[WhiteTitle "FM"]
[WhiteElo "2294"]
[BlackElo "1930"]
[WhiteTeam "Besiktas Jimnastik Kulubu"]
[BlackTeam "Aliaga Genclik VE Spor Kulubu Dernegi"]
[WhiteFideId "6302521"]
[BlackFideId "6333397"]
[EventDate "2014.08.18"]

1. e4 c5 2. Nc3 Nc6 3. g3 g6 4. Bg2 Bg7 5. d3 e6 6. Be3 b6 7. f4 Nge7 8. Nf3 d5
9. Bf2 Bb7 10. O-O a6 11. exd5 exd5 12. d4 c4 13. Ne5 O-O 14. Qf3 Na5 15. Rad1
Qd6 16. Rfe1 Rad8 17. Qe2 Rfe8 18. Qd2 f6 19. Ng4 Nf5 20. Ne3 Nxe3 21. Rxe3 Rxe3
22. Qxe3 f5 23. Re1 Kf7 24. Qf3 b5 25. a3 Bc6 26. g4 Nb7 27. gxf5 gxf5 28. Kh1
a5 29. Bh4 Rd7 30. Qe2 Rc7 31. Nxd5 1-0

[Event "TCh-TUR Super League 2014"]
[Site "Kocaeli TUR"]
[Date "2014.08.26"]
[Round "10.4"]
[Board "3"]
[White "Yasar, Ugur"]
[Black "Tanrikulu, Erhan"]
[Result "0-1"]
[WhiteElo "1777"]
[BlackElo "2243"]
[WhiteTeam "Aliaga Genclik VE Spor Kulubu Dernegi"]
[BlackTeam "Besiktas Jimnastik Kulubu"]
[WhiteFideId "6324754"]
[BlackFideId "6302092"]
[EventDate "2014.08.18"]

1. d4 d5 2. Bf4 Nf6 3. e3 Bf5 4. Nf3 e6 5. Bd3 Ne4 6. O-O Be7 7. c4 c6 8. Nc3
Nxc3 9. bxc3 Bxd3 10. Qxd3 Nd7 11. Rfb1 b6 12. Ne5 Nxe5 13. Bxe5 O-O 14. e4 Rc8
15. a4 Qd7 16. a5 dxc4 17. Qxc4 b5 18. Qe2 a6 19. Rd1 Rfd8 20. Rd3 Bd6 21. Bxd6
Qxd6 22. e5 Qe7 23. Rh3 c5 24. Qh5 h6 25. Rg3 Kh8 26. Rf3 Rc7 27. Rd3 cxd4 28.
Rad1 Rxc3 29. Rxd4 Rxd4 30. Rxd4 Qg5 31. Qxg5 hxg5 32. h4 Ra3 33. hxg5 g6 34. f4
Rxa5 35. Rd6 Ra4 36. g3 a5 37. Rb6 Rb4 38. Kf2 Rb3 39. g4 a4 40. f5 gxf5 41.
gxf5 exf5 42. g6 Kg7 43. gxf7 Kxf7 44. Rf6+ Ke7 45. Ke2 a3 46. Kd2 b4 47. Kc2
Rb2+ 48. Kc1 Rh2 0-1

[Event "TCh-TUR Super League 2014"]
[Site "Kocaeli TUR"]
[Date "2014.08.26"]
[Round "10.4"]
[Board "4"]
[White "Gokerkan, Cem Kaan"]
[Black "Demiral, Abdulkadir"]
[Result "0-1"]
[WhiteElo "2052"]
[BlackElo "1699"]
[WhiteTeam "Besiktas Jimnastik Kulubu"]
[BlackTeam "Aliaga Genclik VE Spor Kulubu Dernegi"]
[WhiteFideId "6336760"]
[BlackFideId "6349021"]
[EventDate "2014.08.18"]

1. e4 d5 2. exd5 Qxd5 3. Nc3 Qd8 4. d4 Nf6 5. Nf3 Bg4 6. h3 Bxf3 7. Qxf3 c6 8.
Be3 e6 9. O-O-O Nbd7 10. Kb1 Nb6 11. g4 Nbd5 12. Bc1 Qa5 13. Nxd5 Qxd5 14. Be2
Qxf3 15. Bxf3 O-O-O 16. c4 h6 17. h4 Bb4 18. a3 Ba5 19. g5 hxg5 20. hxg5 Rxh1
21. Rxh1 Ne8 22. Rh8 Nd6 23. Rh7 Nxc4 24. b4 Bb6 25. Rxg7 Nd6 26. Bb2 Rd7 27.
Bh5 Kc7 28. Rh7 Ne4 29. f4 Nd6 30. Kc2 a6 31. Kd3 Kc8 32. a4 Kc7 33. Bg4 Ba7 34.
Rg7 Bb6 35. Rg8 Rd8 36. Rxd8 Kxd8 37. g6 fxg6 38. Bxe6 Ke7 39. Bb3 a5 40. Bc3
axb4 41. Bxb4 Bc7 42. a5 Kf6 43. Bd2 Kf5 44. Ke2 Ke4 45. d5 Nf5 46. Ba2 cxd5 47.
Bb1+ Kd4 48. Kf3 Bd6 49. Kg4 Ne3+ 50. Kg5 Nc4 51. Bc1 Nxa5 52. Kxg6 Nb3 53. Bb2+
Ke3 54. f5 d4 55. Bc2 Nd2 56. Bc1 b5 57. f6 Ke2 58. Bf5 b4 59. f7 Nf3 60. Kf6 d3
61. Ke6 Bf8 62. Be4 Nd4+ 63. Kd5 Nb3 64. Bg5 d2 65. Bc2 Na1 66. Bxd2 Kxd2 67.
Ba4 Kc3 68. Kc6 Nb3 69. Kd7 Nc5+ 70. Ke8 Bh6 71. Bd1 Kd2 72. Bf3 b3 73. Bd5 b2
74. Ba2 Kc1 75. f8=Q Bxf8 76. Kxf8 Na4 77. Be6 b1=Q 0-1

[Event "TCh-TUR Super League 2014"]
[Site "Kocaeli TUR"]
[Date "2014.08.26"]
[Round "10.4"]
[Board "6"]
[White "Soylemez, Cansu"]
[Black "Ozaltun, Gokce"]
[Result "1-0"]
[WhiteElo "1919"]
[BlackElo "1433"]
[WhiteTeam "Besiktas Jimnastik Kulubu"]
[BlackTeam "Aliaga Genclik VE Spor Kulubu Dernegi"]
[WhiteFideId "6315429"]
[BlackFideId "6345069"]
[EventDate "2014.08.18"]

1. d4 d5 2. c4 c6 3. Nc3 Nf6 4. Bg5 e6 5. cxd5 exd5 6. e3 Be7 7. Bd3 h6 8. Bh4
Qc7 9. Rc1 Nbd7 10. Nge2 Bd6 11. Bg3 Nh5 12. Nxd5 Qa5+ 13. Ndc3 Nxg3 14. Nxg3
Nf6 15. O-O Bb4 16. a3 Bxc3 17. Rxc3 O-O 18. Bb1 Re8 19. e4 Be6 20. e5 Nd5 21.
Rc5 Qd8 22. Qd3 g6 23. f4 Ne7 24. Ne4 Bf5 25. Nf6+ Kh8 26. Qd2 Bxb1 27. Nxe8
Qxe8 28. Rxb1 1-0

[Event "TCh-TUR Super League 2014"]
[Site "Kocaeli TUR"]
[Date "2014.08.26"]
[Round "10.4"]
[Board "7"]
[White "Ozkan, Ufuk"]
[Black "Arat, Ufuk Sezen"]
[Result "0-1"]
[WhiteElo "1717"]
[BlackElo "2189"]
[WhiteTeam "Aliaga Genclik VE Spor Kulubu Dernegi"]
[BlackTeam "Besiktas Jimnastik Kulubu"]
[WhiteFideId "6349218"]
[BlackFideId "6309089"]
[EventDate "2014.08.18"]

1. d4 d6 2. Nf3 Nf6 3. Nc3 g6 4. e4 Bg7 5. Qe2 c6 6. Bg5 h6 7. Bh4 Qc7 8. Bg3
Nh5 9. O-O-O Nd7 10. Qd2 Nxg3 11. hxg3 b5 12. Nh4 Bb7 13. f4 O-O-O 14. Nf3 Kb8
15. Kb1 b4 16. Ne2 c5 17. d5 Nf6 18. Qe3 Ng4 19. Qg1 e6 20. Nc1 exd5 21. exd5
Qe7 22. Rd3 Qf6 23. Rb3 Bxd5 24. c4 Bc6 0-1

[Event "TCh-TUR Super League 2014"]
[Site "Kocaeli TUR"]
[Date "2014.08.26"]
[Round "10.4"]
[Board "9"]
[White "Karaoglan, Kivanc"]
[Black "Ozcan, Bora"]
[Result "1-0"]
[WhiteElo "1903"]
[BlackElo "1786"]
[WhiteTeam "Aliaga Genclik VE Spor Kulubu Dernegi"]
[BlackTeam "Besiktas Jimnastik Kulubu"]
[WhiteFideId "6329152"]
[BlackFideId "6335438"]
[EventDate "2014.08.18"]

1. e4 e6 2. d3 d5 3. Nd2 Nf6 4. Ngf3 c5 5. g3 Be7 6. Bg2 O-O 7. O-O Nc6 8. Re1
b5 9. e5 Nd7 10. Nf1 a5 11. h4 Ba6 12. N1h2 b4 13. h5 a4 14. a3 bxa3 15. bxa3
Rb8 16. Ng4 Nd4 17. h6 g6 18. Bf4 Nxf3+ 19. Bxf3 c4 20. d4 c3 21. Qc1 Nb6 22.
Rb1 Nc4 23. Rxb8 Qxb8 24. Bg5 Qc7 25. Nf6+ Kh8 26. Bxd5 exd5 27. Nxd5 Bxg5 28.
Qxg5 Qc6 29. Qe7 Rg8 30. e6 1-0

[Event "TCh-TUR Super League 2014"]
[Site "Kocaeli TUR"]
[Date "2014.08.26"]
[Round "10.4"]
[Board "10"]
[White "Arda, Cagil Irmak"]
[Black "Ozaltun, Ecem"]
[Result "1-0"]
[WhiteTitle "WCM"]
[WhiteElo "1872"]
[BlackElo "1531"]
[WhiteTeam "Besiktas Jimnastik Kulubu"]
[BlackTeam "Aliaga Genclik VE Spor Kulubu Dernegi"]
[WhiteFideId "6351700"]
[BlackFideId "6345050"]
[EventDate "2014.08.18"]

1. e4 c5 2. Nf3 d6 3. d4 cxd4 4. Nxd4 Nf6 5. f3 e6 6. c4 a6 7. Nc3 Qc7 8. Be3
Nc6 9. Be2 Be7 10. O-O Bd7 11. Rc1 Rd8 12. Nd5 Qb8 13. Nxc6 Bxc6 14. Nxe7 Kxe7
15. Bb6 Rd7 16. b4 d5 17. cxd5 exd5 18. e5 Ne8 19. Bxa6 bxa6 20. Rxc6 Kf8 21.
Bc5+ Kg8 22. Rxa6 Rd8 23. e6 fxe6 24. Rxe6 h6 25. Rfe1 Qb5 26. a4 Qd7 27. Re7
Qc6 28. R1e6 Qa8 29. Qe2 Nf6 30. Rxf6 1-0

[Event "TCh-TUR Super League 2014"]
[Site "Kocaeli TUR"]
[Date "2014.08.26"]
[Round "10.5"]
[Board "1"]
[White "Alekseev, Evgeny"]
[Black "Dubov, Daniil"]
[Result "1/2-1/2"]
[WhiteTitle "GM"]
[BlackTitle "GM"]
[WhiteElo "2675"]
[BlackElo "2614"]
[WhiteTeam "Antalya Calli Spor Kulubu"]
[BlackTeam "Ankara Demirspor Kulubu"]
[WhiteFideId "4138147"]
[BlackFideId "24126055"]
[EventDate "2014.08.18"]

1. e4 e5 2. Nf3 Nc6 3. Bc4 Nf6 4. d3 Bc5 5. c3 O-O 6. O-O d6 7. Bb3 a6 8. h3 Ba7
9. Re1 Be6 10. Nbd2 Bxb3 11. Qxb3 Qd7 12. Nf1 Nh5 13. Be3 Bxe3 14. Nxe3 Nf6 15.
Rad1 Rfe8 16. Nh2 Nd8 17. Nhg4 Nxg4 18. hxg4 Ne6 19. d4 exd4 20. cxd4 c5 21.
dxc5 Nxc5 22. Qc4 Qb5 23. Rxd6 Nxe4 24. Rd4 Qxc4 25. Nxc4 Nc5 26. Red1 1/2-1/2

[Event "TCh-TUR Super League 2014"]
[Site "Kocaeli TUR"]
[Date "2014.08.26"]
[Round "10.5"]
[Board "2"]
[White "Onischuk, Vladimir"]
[Black "Safarli, Eltaj"]
[Result "1-0"]
[WhiteTitle "GM"]
[BlackTitle "GM"]
[WhiteElo "2593"]
[BlackElo "2649"]
[WhiteTeam "Ankara Demirspor Kulubu"]
[BlackTeam "Antalya Calli Spor Kulubu"]
[WhiteFideId "14114038"]
[BlackFideId "13402129"]
[EventDate "2014.08.18"]

1. e4 c5 2. Nf3 d6 3. d4 cxd4 4. Nxd4 Nf6 5. Nc3 a6 6. a4 e5 7. Nf3 h6 8. Bc4
Be7 9. O-O O-O 10. Qe2 Be6 11. Rd1 Qc7 12. Ba2 Bxa2 13. Rxa2 Nc6 14. Be3 Rfe8
15. Nh4 Nd4 16. Bxd4 exd4 17. Rxd4 d5 18. Nf3 dxe4 19. Nxe4 Rac8 20. c3 Nh5 21.
Qc2 f5 22. Ng3 Bc5 23. Rd2 Nxg3 24. hxg3 Re4 25. Qb3+ Kh8 26. Qd5 Rce8 27. Ra1
Re2 28. Kf1 Rxd2 29. Qxd2 Qf7 30. b4 Be7 31. Re1 Bf6 32. Rxe8+ Qxe8 33. a5 Qe4
34. Kg1 Qb1+ 35. Kh2 Qe4 36. Nd4 Qg4 37. f3 Qh5+ 38. Kg1 Qf7 39. Qe3 Qc7 40. Kh2
Be5 41. Ne2 Bf6 42. Qd3 Qe5 43. c4 Qb2 44. b5 Qa2 45. Nf4 Qxa5 46. Qxf5 Qc7 47.
Ng6+ Kh7 48. b6 Qf7 49. Nf4+ Kg8 50. c5 g5 51. Qc8+ Kh7 52. Qc7 Kg8 53. Qc8+ Kh7
54. Qc7 Kg8 55. c6 bxc6 56. Qc8+ Kg7 57. Ne6+ Kg6 58. Qxc6 Be5 59. b7 Kf5 60.
Nd4+ Bxd4 61. g4+ 1-0

[Event "TCh-TUR Super League 2014"]
[Site "Kocaeli TUR"]
[Date "2014.08.26"]
[Round "10.5"]
[Board "3"]
[White "Yurtseven, Melih"]
[Black "Baklan, Vladimir"]
[Result "1/2-1/2"]
[BlackTitle "GM"]
[WhiteElo "2271"]
[BlackElo "2655"]
[WhiteTeam "Antalya Calli Spor Kulubu"]
[BlackTeam "Ankara Demirspor Kulubu"]
[WhiteFideId "6312160"]
[BlackFideId "14102196"]
[EventDate "2014.08.18"]

1. e4 d6 2. d4 Nf6 3. Nc3 e5 4. dxe5 dxe5 5. Qxd8+ Kxd8 6. Bc4 Ke8 7. Nf3 Bd6 8.
Bg5 Nbd7 9. O-O-O a6 10. a4 h6 11. Bh4 Kf8 12. Rhe1 g6 13. Nd5 Kg7 14. Bxf6+
Nxf6 15. Nb6 Rb8 16. Nxc8 Rhxc8 17. a5 b5 18. axb6 Rxb6 19. Rd3 a5 20. Rb3 a4
21. Rxb6 cxb6 22. Nd2 a3 23. c3 Bc5 24. f3 Ne8 25. Kc2 Nd6 26. Bd5 axb2 27. Kxb2
Bf2 28. Re2 Bg1 29. g3 b5 30. f4 exf4 31. gxf4 Rc7 32. Kb3 Bb6 33. Kb4 Bc5+ 34.
Kb3 Ra7 35. e5 Nf5 36. Ne4 Be7 37. Ng3 Ra3+ 38. Kb2 b4 39. Nxf5+ gxf5 40. Rg2+
Kf8 41. Rc2 Ra4 42. Kb3 Ra5 43. Bc4 Ra3+ 44. Kb2 bxc3+ 45. Rxc3 Ra4 46. Kc2 Kg7
47. Rg3+ Kf8 48. Rc3 Kg7 1/2-1/2

[Event "TCh-TUR Super League 2014"]
[Site "Kocaeli TUR"]
[Date "2014.08.26"]
[Round "10.5"]
[Board "4"]
[White "Keler, Faruk"]
[Black "Ertan, Can"]
[Result "1-0"]
[BlackTitle "FM"]
[WhiteElo "2242"]
[BlackElo "2246"]
[WhiteTeam "Ankara Demirspor Kulubu"]
[BlackTeam "Antalya Calli Spor Kulubu"]
[WhiteFideId "6302734"]
[BlackFideId "6306330"]
[EventDate "2014.08.18"]

1. e4 e5 2. Nf3 Nc6 3. Bb5 a6 4. Ba4 Nf6 5. O-O Be7 6. Re1 b5 7. Bb3 O-O 8. a4
b4 9. d3 d6 10. Nbd2 Na5 11. Ba2 c5 12. c3 Rb8 13. d4 Qc7 14. dxe5 dxe5 15. Nc4
Rd8 16. Qe2 Bg4 17. Nxa5 Bxf3 18. Qxf3 Qxa5 19. Bc4 Rb6 20. g4 Rf8 21. g5 Ne8
22. h4 bxc3 23. bxc3 Kh8 24. Rd1 Nd6 25. Bd5 f5 26. exf5 Nxf5 27. Qh3 Rd6 28.
Rd2 c4 29. Be4 Qd8 30. Rxd6 Nxd6 31. Bc2 Qb6 32. Qe3 Nc8 33. Qxb6 Nxb6 34. Be4
Bc5 35. Be3 Bxe3 36. fxe3 a5 37. Bc6 Rc8 38. Rd1 Kg8 39. Rd6 Rc7 40. Bb5 Nc8 41.
Rd5 Na7 42. Ba6 Kf7 43. Rxe5 Kg6 44. Kg2 Kh5 45. Kg3 Nc8 46. Rxa5 Nd6 47. Re5
Ra7 48. g6+ Kh6 49. gxh7 Kxh7 50. Bb5 Nxb5 51. axb5 Ra3 52. b6 Rxc3 53. Rb5
Rxe3+ 54. Kf4 Re8 55. b7 Rb8 56. Ke4 Kg6 57. Kd4 Kf6 58. Kxc4 Ke7 59. Kc5 Kd7
60. Kb6 1-0

[Event "TCh-TUR Super League 2014"]
[Site "Kocaeli TUR"]
[Date "2014.08.26"]
[Round "10.5"]
[Board "5"]
[White "Burcu, Cagatay"]
[Black "Tuncer, Ufuk"]
[Result "1-0"]
[BlackTitle "FM"]
[WhiteElo "2099"]
[BlackElo "2341"]
[WhiteTeam "Antalya Calli Spor Kulubu"]
[BlackTeam "Ankara Demirspor Kulubu"]
[WhiteFideId "6310630"]
[BlackFideId "6300847"]
[EventDate "2014.08.18"]

1. d4 g6 2. Nf3 Nf6 3. Nbd2 d5 4. e3 Bg7 5. b4 O-O 6. c4 dxc4 7. Bxc4 Nfd7 8.
Bb2 a5 9. b5 c5 10. O-O a4 11. Rc1 Nb6 12. Be2 cxd4 13. Bxd4 N8d7 14. Qc2 Bxd4
15. Nxd4 Nf6 16. Rfd1 Bd7 17. Qb2 Qb8 18. h3 a3 19. Qb1 Rd8 20. N2b3 Na4 21. Nc5
Nb2 22. Nxd7 Rxd7 23. Rd2 Qd8 24. Qc2 Nd5 25. Nf3 Qa5 26. Qb3 Qa4 27. Qxa4 Nxa4
28. Ne5 Rdd8 29. Bc4 e6 30. Bxd5 Rxd5 31. Rxd5 exd5 32. Rc7 b6 33. Nxf7 Kf8 34.
Ng5 Nc5 35. Nxh7+ Ke8 36. Nf6+ Kd8 37. Nxd5 1-0

[Event "TCh-TUR Super League 2014"]
[Site "Kocaeli TUR"]
[Date "2014.08.26"]
[Round "10.5"]
[Board "6"]
[White "Sasmazel, Burcu"]
[Black "Mammadova, Gulnar"]
[Result "0-1"]
[BlackTitle "WGM"]
[WhiteElo "1818"]
[BlackElo "2334"]
[WhiteTeam "Ankara Demirspor Kulubu"]
[BlackTeam "Antalya Calli Spor Kulubu"]
[WhiteFideId "6319106"]
[BlackFideId "13403508"]
[EventDate "2014.08.18"]

1. e4 g6 2. d4 c6 3. Nc3 Bg7 4. f4 d5 5. e5 Nh6 6. Be3 Bg4 7. Nf3 Nf5 8. Bf2 Qb6
9. Rb1 Bh6 10. g3 e6 11. Bg2 g5 12. fxg5 Bxg5 13. Qd3 Be7 14. h3 Bxf3 15. Bxf3
Nd7 16. Ne2 Qa5+ 17. c3 Qxa2 18. O-O Qb3 19. Nf4 O-O-O 20. Ra1 Kb8 21. Rfb1 Bg5
22. Ng2 Qb5 23. Qc2 c5 24. dxc5 Nxe5 25. Be2 Qc6 26. g4 d4 27. gxf5 d3 28. Bxd3
Rxd3 29. b4 Nf3+ 30. Kf1 Nd2+ 31. Kg1 Rxh3 32. b5 Qc7 33. Bd4 Qh2+ 0-1

[Event "TCh-TUR Super League 2014"]
[Site "Kocaeli TUR"]
[Date "2014.08.26"]
[Round "10.5"]
[Board "7"]
[White "Sari, Yasin"]
[Black "Yuksel, Atilla Koksal"]
[Result "1/2-1/2"]
[BlackTitle "CM"]
[WhiteElo "2076"]
[BlackElo "2107"]
[WhiteTeam "Antalya Calli Spor Kulubu"]
[BlackTeam "Ankara Demirspor Kulubu"]
[WhiteFideId "6320902"]
[BlackFideId "6306667"]
[EventDate "2014.08.18"]

1. e4 c5 2. Nf3 Nc6 3. d4 cxd4 4. Nxd4 Nf6 5. Nc3 d6 6. Bc4 Qb6 7. Nb3 e6 8. Bf4
Ne5 9. Be2 Be7 10. Be3 Qc7 11. f4 Nc4 12. Nb5 Qc6 13. Bxc4 Qxc4 14. Qd3 Qc6 15.
Na5 Qd7 16. e5 Nd5 17. Nc4 dxe5 18. Nxe5 Qd8 19. O-O a6 20. Nc3 Nxe3 21. Qxe3
Qc7 22. Kh1 b5 23. f5 b4 24. Na4 Rb8 25. Rad1 exf5 26. c3 f6 27. Nf3 O-O 28. Nd4
bxc3 29. Ne6 Qe5 30. Qxe5 fxe5 31. Nxf8 Kxf8 32. bxc3 Be6 33. g3 g6 34. Rd2 e4
35. Re1 Bg5 36. Rd6 Bxa2 37. Nc5 Rb2 38. Rxa6 Bd2 39. Ra1 Bc4 40. Rd6 Be2 41.
Rd7 Bf3+ 42. Kg1 Be3+ 43. Kf1 Bg2+ 44. Ke1 Bf2+ 45. Kd1 e3 46. Kc1 Rd2 47. Ne6+
Ke8 48. Rxd2 exd2+ 49. Kxd2 Bb6 50. Rb1 Ba7 51. Ra1 Bb8 52. Kd3 Ke7 53. Nf4 Bb7
54. Kd4 Kf6 55. Nd3 h5 56. c4 h4 57. Rb1 hxg3 58. hxg3 Ba7+ 59. c5 Be4 60. Rb3
g5 61. Nb2 Bg2 62. Nc4 f4 63. g4 f3 64. Rb2 Bh3 65. Ne3 Bxc5+ 66. Kxc5 Ke5 67.
Rh2 Kf4 68. Rxh3 Kxe3 69. Kd5 Kf4 70. Rh1 Kxg4 71. Ke4 Kg3 72. Rg1+ Kh2 73. Rb1
g4 74. Kf4 f2 75. Kxg4 Kg2 76. Rb2 Kg1 77. Rxf2 Kxf2 1/2-1/2

[Event "TCh-TUR Super League 2014"]
[Site "Kocaeli TUR"]
[Date "2014.08.26"]
[Round "10.5"]
[Board "8"]
[White "Sop, Selen"]
[Black "Durmaz, Ayca Fatma"]
[Result "1-0"]
[WhiteTitle "WFM"]
[BlackTitle "WCM"]
[WhiteElo "1961"]
[BlackElo "1867"]
[WhiteTeam "Ankara Demirspor Kulubu"]
[BlackTeam "Antalya Calli Spor Kulubu"]
[WhiteFideId "6300278"]
[BlackFideId "6317855"]
[EventDate "2014.08.18"]

1. e4 c5 2. Nf3 e6 3. d4 cxd4 4. Nxd4 Nf6 5. Nc3 Nc6 6. Ndb5 Bb4 7. a3 Bxc3+ 8.
Nxc3 d5 9. Bd3 O-O 10. O-O d4 11. Ne2 e5 12. Ng3 Ne7 13. f4 Bg4 14. Qe1 exf4 15.
Bxf4 Ng6 16. Bg5 Re8 17. h3 Bd7 18. Nh5 Re6 19. Bxf6 gxf6 20. Qd2 Qf8 21. Nxf6+
Rxf6 22. Rxf6 Qg7 23. Raf1 Be6 24. Qf2 Rd8 25. Qg3 Kh8 26. e5 Rd5 27. Be4 Rb5
28. Bxg6 hxg6 29. Qh4+ Kg8 30. Qxd4 a6 31. c4 Rb3 32. R1f3 Rxf3 33. Rxf3 Qf8 34.
Rd3 Kg7 35. b4 Qc8 36. c5 Qc6 37. Qd8 1-0